Six pays les plus proches - Portugal - Statistiques

Statistiques générales
  • Ce quiz a été pris 1 045 fois
  • Le résultat moyen est 4 sur 6
Statistiques - réponses
km pays % Correct
0 Espagne
100%
412 France
96%
202 Maroc
85%
520 Algérie
66%
637 Andorre
55%
879 Royaume-Uni
15%
Aucun quiz correspondant
Distribution des résultats
% des personnes avec chaque résultat
Percentile par nombre de réponses
Votre historique - résultats
Vous n’avez pas pris ce quiz